Presencia del género Otopappus (<Compositae, Heliantheae>) en Suramerica (Registro nro. 14085)

Detalles MARC
000 -CABECERA
Campo de control 003920000a22001090004500
090 ## - CLASIFICACIÓN LOCAL
Colección AS
Consecutivo Seriadas
041 0# - IDIOMA
Código de idioma para texto/pista de sonido o título separado
100 1# - ASIENTO PRINCIPAL--NOMBRE PERSONAL
Nombre personal Díaz Piedrahita, Santiago
245 10 - MENCION DE TITULO
Título Presencia del género Otopappus (<Compositae, Heliantheae>) en Suramerica
773 1# - Item fuente:
Título Revista de la Academia Colombiana de Ciencias Exactas, Fisicas y Naturales
Especificación de materiales 32
Descripción física 71
Paginas del Articulo 479-482
Lugar, editorial y fecha de publicación 1993
Información sobre la relación 18
942 ## - ELEMENTOS ADICIONALES (KOHA)
Tipo de ítem Artículo

No hay ítems disponibles.